| 000 | 00545nam a2200181 a 4500 | ||
|---|---|---|---|
| 001 | 2467 | ||
| 003 | CO-ViMGA | ||
| 008 | 141112s2004 ck r 000 u spa d | ||
| 040 |
_aCO-ViMGA _bspa _cCO-ViMGA |
||
| 082 | 0 | 4 | _aR350.724 C656 |
| 100 | 1 |
_aColombia. Leyes, decretos _96163 |
|
| 245 | 1 | 0 |
_aEstatuto tributario : _bnormas reglamentarias (enero 11 de 1996 a enero 20 de 1997) |
| 260 |
_aSantafé de Bogotá : _bEcoe, _c1997 |
||
| 300 | _a177 p | ||
| 490 | _aLas leyes de Colombia | ||
| 650 | 1 | 4 |
_aIMPUESTOS - COLOMBIA _951390 |
| 942 |
_2ddc _cBK |
||
| 999 |
_c14546 _d14546 |
||